Responses for Show #5641 - Monday, March 2, 2009

Contestants

[<< previous game]

Sanders Kleinfeld, a publishing technology specialist from Cambridge, Massachusetts

Rachel Anderson, an assistant professor of English from Grand Rapids, Michigan

Edie Chang, an engineer from Sacramento, California (whose 1-day cash winnings total $9,200)

[next game >>]

Jeopardy! Round responses

GENESIS
THE GARDEN
OF "E" DEN
ADAM
EVE
THE SERPENT
    $200 2
the Geneva Conventions

Edie
    $200 1
the Hanging Gardens of Babylon

Rachel
    $200 8
Executive

Sanders
    $200 21
Edinburgh

Rachel
    $200 26
an apple

Rachel
    $200 16
Raiders of the Lost Ark

Rachel
    $400 4
World War II

Rachel
    $400 3
Copenhagen

Sanders
    $400 9
epaulettes

Rachel
    $400 22
Adam Smith

Rachel
    $400 27
spaceships

Sanders
    $400 17
The Jungle Book

Sanders
    $600 5
Lewis & Clark

Rachel
    $600 13
Madison Square Garden

Rachel
    $600 10
engineering

Edie
    $600 23
(Sanders: What is Monaco?)
(Rachel: What is Luxembourg?)

Liechtenstein

RachelSanders
Triple Stumper
    $600 28
Waterloo

Rachel
    $600 18
(Rachel: What is Harry Potter and the Prisoner of Azkaban?)

Harry Potter and the Chamber of Secrets

RachelSanders
    $800 6
Jamestown

Rachel
    $800 14
(Dr. Robert) Schuller

Edie
    $800 11
explosive

Sanders
    $800 24
Adam Clayton Powell

Triple Stumper
    $800 29
plagiarism

Sanders
    $800 19
(Edie: What is Fatal Attraction?)

Kill Bill

EdieSanders
    $1000 7
(Alfred) Nobel

Edie
    $1,500 15
(Edie: What is the Garden of Eden?)

the Garden of Gethsemane

Edie
    $1000 12
Enigma

Sanders
    $1000 25
Adam Bede

Rachel
    $1000 30
DNA

Sanders
    $1000 20
Conan the Barbarian

Triple Stumper

Scores at the first commercial break (after clue 15):

Edie Rachel Sanders
$1,100 $3,000 $2,400

Scores at the end of the Jeopardy! Round:

Edie Rachel Sanders
$300 $4,400 $5,800

Double Jeopardy! Round responses

AROUND THE U.N.
HIS PRO TEAM RIGHT BEFORE...
SHORT STORIES
CAN YOU AD?
LIVING IN "L"
FROM THE GREEK
    $400 9
spring

Edie
    $400 26
the Bulls

Rachel
    $400 17
Sherlock Holmes

Rachel
    $400 1
(Hugh) Hefner

Edie
    $400 12
Labrador

Sanders
    $400 4
the pentathlon

Sanders
    $800 22
(Sanders: Who is JFK?)

Fidel Castro

Sanders
Triple Stumper
    $800 27
the 49ers

Edie
    $800 18
"The Lottery"

Sanders
    $800 2
Helen Gurley Brown

Edie
    $800 13
Loch Ness

Rachel
    $800 5
the biosphere

Sanders
    $1,500 23
Switzerland

Sanders
    $1200 28
the Red Sox

Sanders
    $1200 19
Bret Harte

Edie
    $1200 3
Terry Gilliam

Rachel
    $1200 14
Laos

Sanders
    $1200 6
hypothesis

Rachel
    $1600 24
(Vladimir) Putin

Edie
    $1600 29
the (Utah) Jazz

Edie
    $1,000 20
(Edie: What is "The Revelation"?)

"The Dead"

Edie
    $1600 10
Joan Didion

Triple Stumper
    $1600 15
(Alex: Now you know why they would rather be living elsewhere.)

Leavenworth

Triple Stumper
    $1600 7
misanthropy

Triple Stumper
    $2000 25
Montenegro

Rachel
    $2000 30
Edmonton Oilers

Edie
    $2000 21
Joyce Carol Oates

Sanders
    $2000 11
Lawrence Kasdan

Triple Stumper
    $2000 16
Latvia

Rachel
    $2000 8
protocol

Rachel

Scores at the end of the Double Jeopardy! Round:

Edie Rachel Sanders
$8,100 $14,400 $13,300

[wagering suggestions for these scores]

Final Jeopardy! Round responses

FIRST NAMES
(Alex: The two well-known classes, the plebeians and the patricians, for the noble class.)
EdieWhat is John?
$5,000
SandersWhat is Patrick
$13,297
RachelWhat is Elite?
$12,201
Patrick

Final scores:

Edie Rachel Sanders
$3,100 $2,199 $26,597
2nd place: $2,000 3rd place: $1,000 New champion: $26,597

Game dynamics:

Coryat scores:

Edie Rachel Sanders
$10,600 $14,400 $13,000
12 R,
3 W
(including 2 DDs)
20 R,
2 W
18 R
(including 1 DD),
2 W

Combined Coryat: $38,000

[game clues] [game scores] [suggest correction]

Game tape date: 2009-01-21
The J! Archive is created by fans, for fans. Scraping, republication, monetization, and malicious use prohibited; this site may use cookies and collect identifying information. See terms. The Jeopardy! game show and all elements thereof, including but not limited to copyright and trademark thereto, are the property of Jeopardy Productions, Inc. and are protected under law. This website is not affiliated with, sponsored by, or operated by Jeopardy Productions, Inc. Join the discussion at JBoard.tv.